<?xml version="1.0" encoding="UTF-8"?>
<record
    xmlns:xsi="http://www.w3.org/2001/XMLSchema-instance"
    xsi:schemaLocation="http://www.loc.gov/MARC21/slim http://www.loc.gov/standards/marcxml/schema/MARC21slim.xsd"
    xmlns="http://www.loc.gov/MARC21/slim">

  <leader>02378nab a2200229 ab4500</leader>
  <controlfield tag="005">20260525135559.0</controlfield>
  <controlfield tag="008">251016c2025    ve fr poo#   #00|   spa d</controlfield>
  <controlfield tag="003"></controlfield>
  <datafield tag="040" ind1=" " ind2=" ">
    <subfield code="a">MX-MxUPN</subfield>
    <subfield code="b">spa</subfield>
    <subfield code="c">MX-MxUPN</subfield>
    <subfield code="e">aacr2</subfield>
  </datafield>
  <datafield tag="100" ind1="1" ind2=" ">
    <subfield code="a">Castillo Romero, Blanca Islenia </subfield>
    <subfield code="9">59692</subfield>
  </datafield>
  <datafield tag="245" ind1="1" ind2=" ">
    <subfield code="a">Praxis educativas en Venezuela para el desarrollo humano sustentable</subfield>
    <subfield code="h">[recurso electr&#xF3;nico en l&#xED;nea]</subfield>
  </datafield>
  <datafield tag="506" ind1="0" ind2=" ">
    <subfield code="a">Acceso abierto</subfield>
  </datafield>
  <datafield tag="520" ind1="3" ind2=" ">
    <subfield code="a">La llegada de la pandemia COVID  19 decretada por la Organizaci&#xF3;n Mundial de la Salud en 2020, afect&#xF3; dr&#xE1;sticamente todos los &#xF3;rdenes establecidos en la sociedad a nivel mundial; al darse cambios de orden econ&#xF3;mico, social, hist&#xF3;ricos y por supuesto educativos. El contexto deja expuesto lo complejo del proceso de desarrollo humano sustentable, debido a que requiere un alto nivel de conciencia y valoraci&#xF3;n por parte del ser humano de su relaci&#xF3;n con el planeta tierra. De all&#xED;, que el discurrir reflexivo del ensayo tenga como prop&#xF3;sito interpretar el proceso educativo en Venezuela desde la llegada de la pandemia hasta la actualidad, en lo sustentable y en el marco de un curr&#xED;culo bajo el eslogan &#x201C;Juntos por la Educaci&#xF3;n del Futuro&#x201D;. Para ello, se reflexiona sobre las l&#xED;neas estrat&#xE9;gicas curriculares del a&#xF1;o escolar 2022&#x2013;2023.  La educaci&#xF3;n ambiental materializada en la ejecuci&#xF3;n del Programa &#x201C;Todas las Manos a la Siembra&#x201D;; lo que supone miras a cambios en los modos de producci&#xF3;n para garantizar la protecci&#xF3;n y preservaci&#xF3;n del ambiente; con participaci&#xF3;n de las familias y todos los actores educativos de manera consciente y permanente, en la formaci&#xF3;n del estudiante en el marco del desarrollo humano sustentable. Aunado a ello, resulta interesante c&#xF3;mo ocurre el asunto de la participaci&#xF3;n de la familia en los procesos de ense&#xF1;anza y aprendizaje que est&#xE1;n &#xED;ntimamente relacionados con el desarrollo humano sustentable en la praxis educativa venezolana. </subfield>
    <subfield code="c">REDINE</subfield>
  </datafield>
  <datafield tag="653" ind1=" " ind2=" ">
    <subfield code="a">Praxis educativa</subfield>
  </datafield>
  <datafield tag="653" ind1=" " ind2=" ">
    <subfield code="a">Pandemia por COVID-19</subfield>
  </datafield>
  <datafield tag="650" ind1=" " ind2="4">
    <subfield code="a">Desarrollo sustentable</subfield>
    <subfield code="9">4974</subfield>
  </datafield>
  <datafield tag="773" ind1=" " ind2=" ">
    <subfield code="g">Vol. 17, no. 2 (2025), p. 62-69</subfield>
    <subfield code="t">REDINE : red de investigaci&#xF3;n educativa</subfield>
    <subfield code="x">2244&#x2013;7997</subfield>
  </datafield>
  <datafield tag="856" ind1="4" ind2=" ">
    <subfield code="u">https://revistas.uclave.org/index.php/redine/article/view/5396</subfield>
  </datafield>
  <datafield tag="856" ind1="4" ind2=" ">
    <subfield code="u">https://revistas.uclave.org/index.php/redine/article/view/5396/3671</subfield>
  </datafield>
  <datafield tag="902" ind1=" " ind2=" ">
    <subfield code="a">Leonor Sotres/250526</subfield>
  </datafield>
  <datafield tag="942" ind1=" " ind2=" ">
    <subfield code="c">ART-E</subfield>
  </datafield>
  <datafield tag="952" ind1=" " ind2=" ">
    <subfield code="0">0</subfield>
    <subfield code="1">0</subfield>
    <subfield code="4">0</subfield>
    <subfield code="7">0</subfield>
    <subfield code="8">CAA</subfield>
    <subfield code="a">BCUPN50</subfield>
    <subfield code="b">BCUPN50</subfield>
    <subfield code="c">ENL</subfield>
    <subfield code="d">2026-05-25</subfield>
    <subfield code="l">0</subfield>
    <subfield code="r">2026-05-25 13:56:28</subfield>
    <subfield code="u">https://revistas.uclave.org/index.php/redine/article/view/5396/3671</subfield>
    <subfield code="w">2026-05-25</subfield>
    <subfield code="y">ART-E</subfield>
  </datafield>
  <datafield tag="999" ind1=" " ind2=" ">
    <subfield code="c">215202</subfield>
    <subfield code="d">215202</subfield>
  </datafield>
</record>
